<?xml version="1.0" encoding="utf-8"?>
<?xml-stylesheet type='text/xsl' href='./oai2.xsl'?>
<OAI-PMH xmlns="http://www.openarchives.org/OAI/2.0/" xmlns:xsi="http://www.w3.org/2001/XMLSchema-instance" xsi:schemaLocation="http://www.openarchives.org/OAI/2.0/ http://www.openarchives.org/OAI/2.0/OAI-PMH.xsd">
  <responseDate>2026-06-04T22:17:42Z</responseDate>
  <request verb="GetRecord" metadataPrefix="marcxml" identifier="record_kuniweb_414152">https://kulturerbe.niedersachsen.de/oai</request>
  <GetRecord>
    <record>
      <header>
        <identifier>record_kuniweb_414152</identifier>
        <datestamp>2026-03-31T19:09:18Z</datestamp>
        <setSpec>slg0184</setSpec>
      </header>
      <metadata>
        <marc:record xmlns:marc="http://www.loc.gov/MARC21/slim" xsi:schemaLocation="http://www.loc.gov/MARC21/slim http://www.loc.gov/standards/marcxml/schema/MARC21slim.xsd">
          <marc:leader>12345nkm  22     uu 4500</marc:leader>
          <marc:controlfield tag="001">414152</marc:controlfield>
          <marc:controlfield tag="003">http://kuniweb.gbv.de</marc:controlfield>
          <marc:controlfield tag="005">2018-01-26T13:00:26</marc:controlfield>
          <marc:controlfield tag="008">|           ||||||||||||||||||||||</marc:controlfield>
          <marc:datafield tag="245" ind1="1" ind2="0">
            <marc:subfield code="a">Brunnenfigur (Rom, Hof des Palazzo Lante)</marc:subfield>
          </marc:datafield>
          <marc:datafield tag="720" ind1=" " ind2=" ">
            <marc:subfield code="a">Peter Joseph Krahe</marc:subfield>
          </marc:datafield>
          <marc:datafield tag="655" ind1=" " ind2="7">
            <marc:subfield code="a">Grafik</marc:subfield>
          </marc:datafield>
          <marc:datafield tag="046" ind1=" " ind2=" ">
            <marc:subfield code="k">1782</marc:subfield>
            <marc:subfield code="k">1782/1783 (Italienreise)</marc:subfield>
            <marc:subfield code="l">1783</marc:subfield>
          </marc:datafield>
          <marc:datafield tag="260" ind1=" " ind2=" ">
            <marc:subfield code="g">1782</marc:subfield>
            <marc:subfield code="g">1783</marc:subfield>
            <marc:subfield code="g">1782/1783 (Italienreise)</marc:subfield>
          </marc:datafield>
          <marc:datafield tag="300" ind1=" " ind2=" ">
            <marc:subfield code="a">Breite: 12,6 cm
Höhe: 18,2 cm</marc:subfield>
          </marc:datafield>
          <marc:datafield tag="520" ind1=" " ind2=" ">
            <marc:subfield code="a">Zeichnung einer auf einem hohen, von Füllhörnern gestützten Sitz thronende, weibliche Gestalt. Auf ihrem Schoß sitzt ein Kind, dass sie an ihre nackte Brust hält und stillt (Eirene mit dem Plutosknaben?). Sie schaut zu dem Knaben hinunter, mit der rechten Hand hält sie sich die Brust. Vorlage: Rom, Hof des Palazzo Lante. (Städtisches Museum Braunschweig)

Aufschrift:
Krahe 187 (roter Stempel und Nummerierung oben rechts)

Beschrieben in:
R. Dorn, „Die Studienjahre Peter Joseph Krahes in Düsseldorf und Rom 1778 - 1786 : Untersuchungen des zeichnerischen Nachlasses und beschreibender Katalog. Peter Joseph Krahe / Leben und Werk ; Bd. 1“. Klinkhardt &amp; Biermann, Braunschweig, 1969. (S. 153, Kat. 134)</marc:subfield>
          </marc:datafield>
          <marc:datafield tag="650" ind1="1" ind2=" ">
            <marc:subfield code="a">Graphik</marc:subfield>
          </marc:datafield>
          <marc:datafield tag="650" ind1="1" ind2=" ">
            <marc:subfield code="a">Brunnenfigur</marc:subfield>
          </marc:datafield>
          <marc:datafield tag="650" ind1="1" ind2=" ">
            <marc:subfield code="a">Grafik, Fotografie &gt; Zeichnung</marc:subfield>
          </marc:datafield>
          <marc:datafield tag="650" ind1="1" ind2=" ">
            <marc:subfield code="a">Zeichnung/Grafik</marc:subfield>
          </marc:datafield>
          <marc:datafield tag="650" ind1="1" ind2=" ">
            <marc:subfield code="a">Rom (Latium, Città metropolitana di Roma Capitale)</marc:subfield>
          </marc:datafield>
          <marc:datafield tag="773" ind1="0" ind2=" ">
            <marc:subfield code="t">Sammlung Grafik</marc:subfield>
          </marc:datafield>
          <marc:datafield tag="852" ind1=" " ind2=" ">
            <marc:subfield code="a">Städtisches Museum Braunschweig</marc:subfield>
          </marc:datafield>
          <marc:datafield tag="" ind1=" " ind2=" ">
            <marc:subfield code="a">Namensnennung - Nicht kommerziell - Keine Bearbeitungen 4.0 International (CC BY-NC-ND 4.0)</marc:subfield>
          </marc:datafield>
        </marc:record>
      </metadata>
    </record>
  </GetRecord>
</OAI-PMH>
